Láser /
Hasta hace unas pocas décadas el láser era sólo una fantasía de la Ciencia Ficción. Hoy en cambio es una realidad presente en múltiples instrumentos, aparatos y situaciones de la vida cotidiana. Pero, ¿Qué es un láser? ¿Cuáles son sus principales aplicaciones? ¿Se puede dejar de fumar con un láser?...
Guardado en:
| Autor Principal: | |
|---|---|
| Otros Autores: | |
| Formato: | Libro |
| Idioma: | Undetermined |
| Publicado: |
Buenos Aires :
Colihue,
1997.
|
| Edición: | 1a ed. 4a reimp. |
| Series: | Sin careta
|
| Materias: | |
| Etiquetas: |
Agregar Etiqueta
Sin Etiquetas, Sea el primero en etiquetar este registro!
|
| LEADER | 01079nam a22002055a 4500 | ||
|---|---|---|---|
| 001 | CEM.cems020967 | ||
| 008 | 240327s1997####ag############000#0#und#d | ||
| 005 | 20240327183212.0 | ||
| 245 | 1 | 0 | |a Láser / |c Gabriel M. Bilmes ; ilustrado por Pedro Luis Cazes Camarero. |
| 250 | |a 1a ed. 4a reimp. | ||
| 260 | |a Buenos Aires : |b Colihue, |c 1997. | ||
| 300 | |a 120 p. | ||
| 490 | 1 | |a Sin careta | |
| 520 | |a Hasta hace unas pocas décadas el láser era sólo una fantasía de la Ciencia Ficción. Hoy en cambio es una realidad presente en múltiples instrumentos, aparatos y situaciones de la vida cotidiana. Pero, ¿Qué es un láser? ¿Cuáles son sus principales aplicaciones? ¿Se puede dejar de fumar con un láser? ¿Cómo funciona una fotocopiadora láser? ¿Y un compact-disk? ¿Cuáles son los límites actuales entre la ficción y la realidad de este singular invento? | ||
| 020 | |a 950581674X | ||
| 100 | 1 | |a Bilmes, Gabriel M. | |
| 700 | 1 | |a Cazes Camarero, Pedro Luis; il. | |
| 653 | |a Ciencia | ||
| 653 | |a Láser | ||
| 859 | |a CEMS |b BIB. CEMS - Inicial y Primaria |h 535.5 |i B497 |k IP |p 1753 |t Ej.1 | ||
